000 01060cam a22003137a 4500
003 CHAP
005 20220329142749.0
008 030804d2002 jp ab rt 00110 eng d
010 _a87444
011 _a88416
035 _a98961
040 _cCHAP
082 0 4 _a581.15
_bN2
110 2 _aNational Institute of Agrobiological Sciences. Japan
_980358
245 1 0 _aAnnual report
_b/by National Institute of Agrobiological Sciences
260 _aIbaraki :
_bNational Institute of Agrobiological Sciences,
_c2000
300 _av.
500 _aLa biblioteca tiene : 2000
590 _aBATCH-UPD
_b10
_c20130110
_lUCH01
_h0945
590 _aBATCH-UPD
_b10
_c20130410
_lUCH01
_h0601
590 _aBATCH-UPD
_b10
_c20130914
_lUCH01
_h1413
590 _aCONVERSION
_b10
_c20130109
_lUCH01
_h1348
650 1 4 _aFisiología vegetal
_xInvestigación.
_941141
650 1 4 _aGenética vegetal
_xInvestigación.
_947504
901 _aBK
905 _aAlejandra Carrasco M.
942 _cLIBRO
949 _a581.15 N2 2000
_bBC
_cLIBRO
_d33724000897385
_eLIBRO
_h103746
_i98961
_sb
999 _c87444
_d87444